Datum a čas kvízu
30.5
Celkem bodů
Celkový počet nahraných bodů na tomto kvízu bez doplňovacích otázek.
5.
Pořadí na kvízu
Konečné umístění týmu na tomto kvízu.
Zaznamenané odpovědi
| # | Otázka | Odpověď | Body | Výsledky |
|---|---|---|---|---|
| 1. | Část ulice u ruského velvyslan... | Ukrajinských hrdinů | 0 | |
| 2. | Obchod se suvenýry v rezidenci... | C | 0 | |
| 3. | Který velmi populární český hu... | Xindl X | 0 | |
| 4. | Jeden český státní podnik, kte... | České dráhy | 1 | |
| 5. | Jedna z nejlepších tenistek so... | Ashleigh Bartyová | 1 | |
| 6. | Budeme se zabývat pěti filmy,... | Elijah Wood, Pán prstenů: Dvě věže | 1 | |
| 7. | Snímek Pan Jones z roku 2019 v... | Agnieszka Holland | 1 | |
| 8. | Paní Wilberforceová je výstřed... | Lupiči paní domácí | 0 | |
| 9. | Komedie Karla Kachyni z roku 1... | Kam pánové, kam jdete? | 0 | |
| 10. | V roce 2009 vznikl animovaný f... | Lišák | 1 |